[Event "Juiz de Fora op 1st"]
[Site "Juiz de Fora"]
[Date "2018.09.29"]
[Round "1"]
[White "Reis Junior, Evandro De Laet"]
[Black "De Amorim, Walter Rymundo"]
[Result "1-0"]
[WhiteElo "1996"]
[BlackElo "1463"]
[PlyCount "65"]
[EventDate "2018.09.29"]
[EventType "swiss"]
[EventRounds "5"]
[EventCountry "BRA"]
[SourceTitle "CBM 186 Extra"]
[Source "ChessBase"]
[SourceDate "2018.08.24"]
[SourceVersion "1"]
[SourceVersionDate "2018.08.24"]
[SourceQuality "1"]

1. d4 Nf6 2. Nf3 d5 3. Bf4 g6 4. Nc3 c6 5. Qd2 Bg7 6. Bh6 0-0 7. h4 Ne4 8. Nxe4 dxe4 9. Bxg7 Kxg7 10. Ne5 f6 11. Nc4 h5 12. 0-0-0 b5 13. Na5 Be6 14. Nb7 Qb6 15. Nc5 Bc8 16. f3 exf3 17. gxf3 Na6 18. Qe3 Qc7 19. Nd3 Bf5 20. Rg1 Bxd3 21. Qxd3 f5 22. e4 Qf4+ 23. Kb1 e6 24. Qa3 Nc7 25. Bd3 a5 26. Qc5 Rac8 27. Qxc6 Nd5 28. Qxe6 Nf6 29. exf5 Rce8 30. Rxg6+ Kh7 31. Qc6 Qxd4 32. Qc7+ Qd7 33. Qf4 1-0

[Event "Florianopolis op 4th"]
[Site "Florianopolis"]
[Date "2018.01.20"]
[Round "2"]
[White "Reis Junior, Evandro De Laet"]
[Black "Brienza, Amalio Coelho"]
[Result "1-0"]
[WhiteElo "2035"]
[BlackElo "1859"]
[PlyCount "91"]
[EventDate "2018.01.19"]
[EventType "swiss"]
[EventRounds "10"]
[EventCountry "BRA"]
[SourceTitle "CBM 182 Extra"]
[Source "ChessBase"]
[SourceDate "2018.02.23"]
[SourceVersion "1"]
[SourceVersionDate "2018.02.23"]
[SourceQuality "1"]

1. Nf3 Nf6 2. b3 g6 3. Bb2 Bg7 4. e4 d6 5. Bc4 0-0 6. Qe2 c6 7. d4 b5 8. Bd3 Nbd7 9. Nbd2 Qc7 10. 0-0 a6 11. c4 Bb7 12. Rac1 Qb6 13. h3 Rac8 14. e5 dxe5 15. dxe5 Nh5 16. Ne4 Nf4 17. Qc2 Nxd3 18. Qxd3 Rcd8 19. Qc2 b4 20. c5 Qc7 21. Rfe1 Bc8 22. e6 fxe6 23. Bxg7 Kxg7 24. Neg5 Nf6 25. Rxe6 Nd5 26. Rce1 Rxf3 27. gxf3 Qf4 28. R6e5 h6 29. Rxe7+ Nxe7 30. Rxe7+ Kf8 31. Rf7+ Qxf7 32. Nxf7 Kxf7 33. Kg2 Rd5 34. Qe4 a5 35. Qf4+ Bf5 36. Qc7+ Bd7 37. Qxa5 Rg5+ 38. Kh2 Rh5 39. Qxb4 Rxh3+ 40. Kg2 Rh5 41. a4 Bh3+ 42. Kg3 Bd7 43. a5 g5 44. a6 Rh3+ 45. Kg2 Rh4 46. Qxh4 1-0

[Event "BRA-ch Amateur U2200"]
[Site "Sao Paulo"]
[Date "2017.10.13"]
[Round "3"]
[White "Reis Junior, Evandro De Laet"]
[Black "Moreira, Ronaldo Alonso"]
[Result "1/2-1/2"]
[WhiteElo "2039"]
[BlackElo "2043"]
[PlyCount "20"]
[EventDate "2017.10.12"]
[EventType "swiss"]
[EventRounds "7"]
[EventCountry "BRA"]
[SourceTitle "EXT 2019"]
[Source "ChessBase"]
[SourceDate "2018.10.10"]
[SourceVersion "1"]
[SourceVersionDate "2018.10.10"]
[SourceQuality "1"]

1. d4 d6 2. Nf3 Nf6 3. Nc3 Nbd7 4. Bf4 c6 5. e4 Qc7 6. Qd2 e5 7. Bg3 Be7 8. Be2 Nh5 9. a4 0-0 10. 0-0 Nxg3 1/2-1/2

[Event "BRA-ch Amateur U2200"]
[Site "Sao Paulo"]
[Date "2017.10.12"]
[Round "1"]
[White "Reis Junior, Evandro De Laet"]
[Black "Simao Vasconcellos, Pedro Augusto"]
[Result "1-0"]
[WhiteElo "2039"]
[BlackElo "1741"]
[PlyCount "73"]
[EventDate "2017.10.12"]
[EventType "swiss"]
[EventRounds "7"]
[EventCountry "BRA"]
[SourceTitle "EXT 2019"]
[Source "ChessBase"]
[SourceDate "2018.10.10"]
[SourceVersion "1"]
[SourceVersionDate "2018.10.10"]
[SourceQuality "1"]

1. d4 Nf6 2. Nf3 g6 3. Bf4 Bg7 4. Nc3 d5 5. Qd2 0-0 6. Bh6 c5 7. Bxg7 Kxg7 8. e3 Nc6 9. Be2 Bd7 10. 0-0-0 e6 11. h4 Qa5 12. Kb1 c4 13. h5 b5 14. hxg6 hxg6 15. e4 Rh8 16. e5 Ng4 17. Qf4 f5 18. exf6+ Nxf6 19. Qd6 Rad8 20. Ne5 Ne8 21. Nxc6 Nxd6 22. Nxa5 b4 23. Nxd5 exd5 24. Bf3 Rxh1 25. Rxh1 Rb8 26. Bxd5 Rb5 27. Bc6 Bxc6 28. Nxc6 a5 29. Re1 c3 30. Re5 Rxe5 31. dxe5 Nc4 32. bxc3 bxc3 33. a4 Kf7 34. Ka2 Ke6 35. Kb3 Nxe5 36. Nxe5 Kxe5 37. Kxc3 1-0

[Event "Muriae op 4th"]
[Site "Muriae"]
[Date "2017.03.25"]
[Round "3"]
[White "Reis Junior, Evandro De Laet"]
[Black "Cardoso, Marcio de Lucca"]
[Result "1-0"]
[WhiteElo "2024"]
[BlackElo "1817"]
[PlyCount "55"]
[EventDate "2017.03.25"]
[EventType "swiss"]
[EventRounds "5"]
[EventCountry "BRA"]
[SourceTitle "CBM 177 Extra"]
[Source "ChessBase"]
[SourceDate "2017.04.27"]
[SourceVersion "1"]
[SourceVersionDate "2017.04.27"]
[SourceQuality "1"]

1. e4 c5 2. Nf3 e6 3. b3 d6 4. Bb2 Nc6 5. d4 cxd4 6. Nxd4 Nf6 7. Nc3 a6 8. Be2 Be7 9. 0-0 0-0 10. Kh1 Bd7 11. f4 Qc7 12. Bf3 Rac8 13. g4 Nxd4 14. Qxd4 e5 15. Qd1 exf4 16. g5 Ne8 17. Nd5 Qd8 18. h4 Bxg5 19. hxg5 Qxg5 20. c4 b5 21. cxb5 Bxb5 22. Rf2 Bd7 23. Rg2 Qh4+ 24. Rh2 Qg5 25. Qg1 Qxg1+ 26. Rxg1 Rc5 27. Rxg7+ Nxg7 28. Nf6+ 1-0

[Event "Juiz de Fora op"]
[Site "Juiz de Fora"]
[Date "2016.11.05"]
[Round "4"]
[White "Reis Junior, Evandro De Laet"]
[Black "Campos, Igor Ribeiro"]
[Result "0-1"]
[WhiteElo "2032"]
[BlackElo "2135"]
[PlyCount "54"]
[EventDate "2016.11.04"]
[EventType "swiss"]
[EventRounds "6"]
[EventCountry "BRA"]
[SourceTitle "CBM 175 Extra"]
[Source "ChessBase"]
[SourceDate "2016.12.12"]
[SourceVersion "1"]
[SourceVersionDate "2016.12.12"]
[SourceQuality "1"]

1. Nf3 d5 2. d4 c6 3. c4 Nf6 4. Nc3 e6 5. e3 Nbd7 6. Bd3 dxc4 7. Bxc4 b5 8. Bd3 Bb7 9. 0-0 a6 10. e4 b4 11. Na4 c5 12. e5 Nd5 13. dxc5 Qa5 14. Nb6 N5xb6 15. cxb6 Rd8 16. Bc2 Nxe5 17. Qe2 Nxf3+ 18. gxf3 Bd6 19. f4 g5 20. f5 g4 21. Re1 Bf3 22. Qc4 0-0 23. b7 b3 24. Bg5 bxc2 25. Bxd8 Qxd8 26. Re3 Qh4 27. Rxf3 Qxh2+ 0-1

[Event "Juiz de Fora op"]
[Site "Juiz de Fora"]
[Date "2016.11.04"]
[Round "2"]
[White "Reis Junior, Evandro De Laet"]
[Black "Rial, Antonio Marcos Pino"]
[Result "1-0"]
[WhiteElo "2032"]
[BlackElo "1646"]
[PlyCount "47"]
[EventDate "2016.11.04"]
[EventType "swiss"]
[EventRounds "6"]
[EventCountry "BRA"]
[SourceTitle "CBM 175 Extra"]
[Source "ChessBase"]
[SourceDate "2016.12.12"]
[SourceVersion "1"]
[SourceVersionDate "2016.12.12"]
[SourceQuality "1"]

1. d4 d5 2. Nf3 Nf6 3. Bf4 e6 4. e3 c5 5. c3 Qb6 6. Qc1 Nc6 7. Nbd2 Nh5 8. Bg3 Nxg3 9. hxg3 Bd7 10. Bd3 Bd6 11. Rb1 a5 12. Qd1 0-0-0 13. 0-0 h6 14. dxc5 Bxc5 15. Qe2 Bd6 16. c4 g5 17. cxd5 exd5 18. Rfc1 Kb8 19. Bb5 Bg4 20. Bxc6 bxc6 21. Rc3 Rhe8 22. Rb3 Bb4 23. a3 a4 24. Rxb4 1-0

[Event "BRA-ch Amateur U2200"]
[Site "Sao Paulo"]
[Date "2016.05.29"]
[Round "7"]
[White "Florencio da Silva, Yuri Matos"]
[Black "Reis Junior, Evandro De Laet"]
[Result "1/2-1/2"]
[WhiteElo "2073"]
[BlackElo "2023"]
[PlyCount "50"]
[EventDate "2016.05.26"]
[EventType "swiss"]
[EventRounds "7"]
[EventCountry "BRA"]
[SourceTitle "EXT 2018"]
[Source "ChessBase"]
[SourceDate "2017.10.13"]
[SourceVersion "1"]
[SourceVersionDate "2017.10.13"]
[SourceQuality "1"]

1. e4 c5 2. Nf3 e6 3. d4 cxd4 4. Nxd4 a6 5. Nc3 Qc7 6. f4 d6 7. Be2 Nf6 8. Be3 Nbd7 9. 0-0 Be7 10. Qe1 0-0 11. Bf3 Nb6 12. Rd1 Nc4 13. Bc1 Bd7 14. Kh1 e5 15. fxe5 Nxe5 16. Qg3 Kh8 17. Nf5 Bxf5 18. exf5 Rae8 19. Bf4 b5 20. Rfe1 Nxf3 21. Qxf3 b4 22. Ne4 Qxc2 23. Nxd6 Bxd6 24. Bxd6 Rxe1+ 25. Rxe1 Qd2 1/2-1/2

[Event "BRA-ch Amateur U2200"]
[Site "Sao Paulo"]
[Date "2016.05.27"]
[Round "3"]
[White "Chi Haur, Wu"]
[Black "Reis Junior, Evandro De Laet"]
[Result "0-1"]
[WhiteElo "1574"]
[BlackElo "2023"]
[PlyCount "49"]
[EventDate "2016.05.26"]
[EventType "swiss"]
[EventRounds "7"]
[EventCountry "BRA"]
[SourceTitle "EXT 2018"]
[Source "ChessBase"]
[SourceDate "2017.10.13"]
[SourceVersion "1"]
[SourceVersionDate "2017.10.13"]
[SourceQuality "1"]

1. d4 Nf6 2. c4 e6 3. Nf3 b6 4. Bg5 Bb7 5. e3 Be7 6. Nc3 d5 7. Bd3 Nbd7 8. 0-0 0-0 9. Rc1 c5 10. Ne5 dxc4 11. Bxc4 h6 12. Bh4 a6 13. a4 Ne4 14. Bxe7 Qxe7 15. Ne2 Rfd8 16. Qc2 cxd4 17. Nxd7 Rxd7 18. f3 Nd6 19. Nxd4 Rc8 20. Qb3 Rdc7 21. Bxe6 Rxc1 22. Bxc8 Rxf1+ 23. Kxf1 Nxc8 24. Nf5 Qc5 25. Nxh6+ 0-1

[Event "BRA-ch Amateur U2200"]
[Site "Sao Paulo"]
[Date "2016.05.27"]
[Round "4"]
[White "Reis Junior, Evandro De Laet"]
[Black "Brandao, Renan Alves"]
[Result "0-1"]
[WhiteElo "2023"]
[BlackElo "2116"]
[PlyCount "110"]
[EventDate "2016.05.26"]
[EventType "swiss"]
[EventRounds "7"]
[EventCountry "BRA"]
[SourceTitle "EXT 2018"]
[Source "ChessBase"]
[SourceDate "2017.10.13"]
[SourceVersion "1"]
[SourceVersionDate "2017.10.13"]
[SourceQuality "1"]

1. d4 c5 2. e4 cxd4 3. Nf3 Nc6 4. Nxd4 e6 5. Nc3 a6 6. Be2 Qc7 7. Be3 Nf6 8. 0-0 d6 9. f4 Be7 10. a4 0-0 11. Bf3 Na5 12. g4 Nc4 13. Bc1 e5 14. Nf5 Bxf5 15. gxf5 Qc5+ 16. Kh1 exf4 17. Qe2 Rfe8 18. Rg1 Ne3 19. Bxe3 fxe3 20. Rge1 d5 21. e5 Ne4 22. Bxe4 dxe4 23. Qxe3 Qxe5 24. Qxe4 Bd6 25. Qxe5 Bxe5 26. Ra3 Rad8 27. Re2 Kf8 28. Rb3 Bxc3 29. Rxe8+ Kxe8 30. Rxc3 Rd5 31. f6 gxf6 32. Rc7 Rd7 33. Rc3 Ke7 34. Kg2 f5 35. Kg3 Kf6 36. Rc5 Re7 37. Kf3 h5 38. b4 h4 39. b5 Re5 40. Rc7 axb5 41. Rxb7 bxa4 42. Ra7 Re4 43. Ra5 Rc4 44. Ra8 Rc6 45. Kf4 Rc4+ 46. Kf3 Ke6 47. Ra6+ Ke5 48. Ra5+ Kd4 49. Rxf5 Kc3 50. Rxf7 a3 51. Ra7 Kb2 52. Ke3 a2 53. Kd3 Rc3+ 54. Kd4 Ra3 55. Rb7+ Kc1 0-1

[Event "Muriae op Colegio Equipe 3rd"]
[Site "Muriae"]
[Date "2016.03.26"]
[Round "2.2"]
[White "Reis Junior, Evandro De Laet"]
[Black "Lage, Pedro Ferreira"]
[Result "1-0"]
[WhiteElo "2030"]
[BlackElo "1822"]
[PlyCount "83"]
[EventDate "2016.03.19"]
[EventType "swiss"]
[EventRounds "5"]
[EventCountry "BRA"]
[SourceTitle "EXT 2022"]
[Source "ChessBase"]
[SourceDate "2021.10.06"]
[SourceVersion "1"]
[SourceVersionDate "2021.10.06"]
[SourceQuality "1"]

1. d4 d5 2. c4 c6 3. Nc3 Nf6 4. e3 g6 5. Nf3 Bg7 6. Bd3 0-0 7. 0-0 Nbd7 8. b3 Re8 9. Bb2 Qa5 10. Qe1 dxc4 11. Bxc4 e5 12. Ne4 Qxe1 13. Nxf6+ Bxf6 14. Rfxe1 exd4 15. exd4 Rxe1+ 16. Rxe1 Nb6 17. Re8+ Kg7 18. Ne5 Be6 19. Rxa8 Nxa8 20. Bxe6 fxe6 21. Nd7 b6 22. g4 Kf7 23. Nxf6 Kxf6 24. d5+ Ke7 25. dxc6 Kd6 26. Kg2 Kxc6 27. Kg3 Kd6 28. Kf4 Ke7 29. Kg5 Kf7 30. Be5 b5 31. Kh6 Kg8 32. h4 Nb6 33. Bd4 Nd7 34. Bxa7 Ne5 35. Kg5 Kf7 36. a4 bxa4 37. bxa4 Ke7 38. Bc5+ Kd7 39. h5 Kc6 40. Be3 Kd5 41. a5 Nc4 42. a6 1-0

[Event "Juiz de Fora Summer op"]
[Site "Juiz de Fora"]
[Date "2015.08.22"]
[Round "3"]
[White "Reis Junior, Evandro De Laet"]
[Black "Noseda, Francesco"]
[Result "1-0"]
[WhiteElo "2023"]
[BlackElo "1900"]
[PlyCount "67"]
[EventDate "2015.08.21"]
[EventType "swiss"]
[EventRounds "6"]
[EventCountry "BRA"]
[SourceTitle "EXT 2016"]
[Source "ChessBase"]
[SourceDate "2015.10.08"]
[SourceVersion "1"]
[SourceVersionDate "2015.10.08"]
[SourceQuality "1"]

1. e4 c5 2. Nf3 d6 3. d4 cxd4 4. Nxd4 Nf6 5. Nc3 Nc6 6. Be2 e5 7. Nb3 Be7 8. g4 Be6 9. g5 Nd7 10. h4 Nb6 11. Nd5 Bxd5 12. exd5 Nb8 13. Be3 N8d7 14. Qd2 Qc7 15. Na5 f5 16. gxf6 Nxf6 17. c4 Nbd7 18. b4 e4 19. Bd4 Ne5 20. Bxe5 dxe5 21. c5 Qd7 22. Rd1 0-0 23. Rg1 Bd8 24. Nc4 Qe7 25. Nd6 Qd7 26. Qe3 a5 27. Bb5 Qc7 28. Nf5 Nh5 29. d6 Qc8 30. d7 Qc7 31. Qh6 Rxf5 32. Qe6+ Rf7 33. Qe8+ Rf8 34. Bc4+ 1-0

[Event "Juiz de Fora Summer op"]
[Site "Juiz de Fora"]
[Date "2015.08.22"]
[Round "4"]
[White "Santos, Marcus Vinicius M"]
[Black "Reis Junior, Evandro De Laet"]
[Result "1-0"]
[WhiteElo "2333"]
[BlackElo "2023"]
[PlyCount "51"]
[EventDate "2015.08.21"]
[EventType "swiss"]
[EventRounds "6"]
[EventCountry "BRA"]
[SourceTitle "EXT 2016"]
[Source "ChessBase"]
[SourceDate "2015.10.08"]
[SourceVersion "1"]
[SourceVersionDate "2015.10.08"]
[SourceQuality "1"]

1. d4 d5 2. c4 e6 3. Nc3 Nf6 4. cxd5 exd5 5. Bg5 Nbd7 6. e3 c6 7. Bd3 Be7 8. Qc2 0-0 9. Nf3 Re8 10. 0-0 Nf8 11. h3 Ne4 12. Bf4 Nf6 13. Rab1 Ne6 14. Be5 Nf8 15. b4 a6 16. a4 Bd6 17. b5 axb5 18. axb5 Ng6 19. Bxd6 Qxd6 20. bxc6 bxc6 21. Rb6 Nd7 22. Nb5 Qf8 23. Rxc6 Ba6 24. Nc7 Bxd3 25. Qxd3 Ra3 26. Qc2 1-0

[Event "Rio de Janeiro Estadual op"]
[Site "Rio de Janeiro"]
[Date "2014.08.09"]
[Round "6"]
[White "Baeta, Marcio Netto"]
[Black "Reis Junior, Evandro De Laet"]
[Result "1/2-1/2"]
[WhiteElo "2097"]
[BlackElo "2014"]
[PlyCount "93"]
[EventDate "2014.08.02"]
[EventType "swiss"]
[EventRounds "6"]
[EventCountry "BRA"]
[SourceTitle "CBM 162 Extra"]
[Source "ChessBase"]
[SourceDate "2014.10.17"]
[SourceVersion "1"]
[SourceVersionDate "2014.10.17"]
[SourceQuality "1"]

1. d4 Nf6 2. Nf3 g6 3. c4 Bg7 4. Nc3 d6 5. e4 0-0 6. Be2 e5 7. 0-0 Nc6 8. d5 Ne7 9. Ne1 Nd7 10. Nd3 f5 11. f3 f4 12. Bd2 g5 13. Rc1 Nf6 14. c5 Ng6 15. cxd6 cxd6 16. Nf2 h5 17. h3 Rf7 18. Qb3 Bf8 19. a4 Rg7 20. Nb5 g4 21. hxg4 hxg4 22. fxg4 Nh8 23. Rc3 Nf7 24. Nc7 Ng5 25. Nxa8 Ngxe4 26. Rc2 Ng3 27. Ba5 b6 28. Nxb6 axb6 29. Bxb6 Qe8 30. Bb5 Bd7 31. Bxd7 Nxd7 32. Re1 Nf6 33. Rc7 Rxg4 34. Nxg4 Nxg4 35. Bf2 Nxf2 36. Kxf2 e4 37. Rg1 Qh5 38. Qc2 Qh4 39. Re1 Nf5+ 40. Kf1 Qh1+ 41. Kf2 Qh4+ 42. Kf1 Ng3+ 43. Kf2 e3+ 44. Rxe3 Nf5+ 45. Kg1 Nxe3 46. Qg6+ Kh8 47. Rc8 1/2-1/2

[Event "Rio de Janeiro Estadual op"]
[Site "Rio de Janeiro"]
[Date "2014.08.09"]
[Round "5"]
[White "Reis Junior, Evandro De Laet"]
[Black "Pereira, Marcos Luciano"]
[Result "1/2-1/2"]
[WhiteElo "2014"]
[BlackElo "1861"]
[PlyCount "69"]
[EventDate "2014.08.02"]
[EventType "swiss"]
[EventRounds "6"]
[EventCountry "BRA"]
[SourceTitle "CBM 162 Extra"]
[Source "ChessBase"]
[SourceDate "2014.10.17"]
[SourceVersion "1"]
[SourceVersionDate "2014.10.17"]
[SourceQuality "1"]

1. e4 e6 2. d4 d5 3. Nd2 Nf6 4. e5 Nfd7 5. Bd3 c5 6. c3 Nc6 7. Ne2 Qb6 8. Nf3 cxd4 9. cxd4 Be7 10. 0-0 0-0 11. b3 f6 12. exf6 Bxf6 13. Bb2 e5 14. dxe5 Ndxe5 15. Nxe5 Nxe5 16. Bc2 Nf3+ 17. gxf3 Bxb2 18. Rb1 Ba3 19. b4 Qd6 20. Qd4 Rxf3 21. Be4 Rf6 22. Qxd5+ Qxd5 23. Bxd5+ Be6 24. Bxe6+ Rxe6 25. Nd4 Rg6+ 26. Kh1 a5 27. bxa5 Rxa5 28. Rxb7 Bd6 29. Nb5 Be5 30. f4 Rf6 31. Nc7 Bxc7 32. Rxc7 Rxa2 33. Rg1 g6 34. Rd1 Rxf4 35. Rd8+ 1/2-1/2

[Event "Rio de Janeiro Estadual op"]
[Site "Rio de Janeiro"]
[Date "2014.08.02"]
[Round "2"]
[White "Morais, Wagner Soares"]
[Black "Reis Junior, Evandro De Laet"]
[Result "0-1"]
[WhiteElo "1819"]
[BlackElo "2014"]
[PlyCount "94"]
[EventDate "2014.08.02"]
[EventType "swiss"]
[EventRounds "6"]
[EventCountry "BRA"]
[SourceTitle "CBM 162 Extra"]
[Source "ChessBase"]
[SourceDate "2014.10.17"]
[SourceVersion "1"]
[SourceVersionDate "2014.10.17"]
[SourceQuality "1"]

1. d4 Nf6 2. c4 g6 3. f3 Bg7 4. e4 d6 5. Nc3 0-0 6. Be3 e5 7. Nge2 Nbd7 8. Qd2 exd4 9. Nxd4 Nc5 10. b4 Ne6 11. Be2 a5 12. Nc2 Nh5 13. a3 Nhf4 14. 0-0 Bxc3 15. Qd1 Nxe2+ 16. Qxe2 axb4 17. Nxb4 Bd4 18. Bxd4 Nxd4 19. Qb2 Ne6 20. Nd5 f6 21. f4 Nc5 22. e5 dxe5 23. fxe5 f5 24. Nf6+ Kg7 25. Rad1 Qe7 26. Nd5 Na4 27. Qa1 Qc5+ 28. Kh1 Be6 29. Nf6 Nb6 30. Rf3 Nxc4 31. Nd7 Qe7 32. Nxf8 Kxf8 33. Rfd3 b5 34. Qc1 Kg7 35. Rh3 h5 36. Rhd3 Rxa3 37. Rd8 Ra2 38. Rb8 c6 39. Rdd8 Bd5 40. Rxd5 cxd5 41. Rxb5 Qxe5 42. Rb7+ Kf6 43. Rb1 f4 44. Qd1 Rxg2 45. Rb6+ Nxb6 46. Kxg2 Nc4 47. Qd3 Qe4+ 0-1